Croatian players in European Big Five (2000-) - Statistics

General Stats
  • This quiz has been taken 90 times
  • The average score is 41 of 195
Answer Stats
Ranking Player Positions Nationality Matches Goals (assists) Periods Clubs % Correct
2 Luka Modrić MF 521 43 (78) 2008-2025
99%
1 Ivan Rakitić MF 535 73 (85) 2007-2024
97%
3 Ivan Perišić DF, MF, FW 381 81 (57) 2011-2024
93%
4 Mateo Kovačić MF 356 17 (30) 2012-2025
91%
34 Niko Kovač MF 134 15 (5) 2000-2006
89%
24 Robert Kovač DF 169 1 (4) 2000-2005, 2007-2009
89%
6 Andrej Kramarić MF, FW 301 128 (56) 2014-2025
86%
8 Mario Mandžukić MF, FW 266 96 (37) 2010-2018, 2020-2021
86%
11 Marcelo Brozović MF 261 25 (35) 2014-2023
84%
176 Davor Lovren MF 2 0 (0) 2018-2019
78%
10 Dejan Lovren DF 261 10 (5) 2009-2019, 2022-2024
78%
13 Ivica Olić FW 236 72 (24) 2006-2016
76%
15 Ante Rebić MF, FW 223 47 (19) 2013-2014, 2015-2022, 2024-2025
74%
39 Joško Gvardiol DF 124 12 (3) 2021-2025
70%
7 Mario Pašalić MF, FW 301 58 (29) 2014-2016, 2018-2025
69%
17 Danijel Subašić GK 192 0 (0) 2013-2019
68%
192 Marco Pašalić MF 1 0 (0) 2022-2023
68%
75 Josip Stanišić DF 62 4 (3) 2020-2025
64%
14 Ante Budimir FW 228 84 (10) 2016-2017, 2019-2025
61%
26 Šime Vrsaljko DF, MF 158 1 (17) 2013-2022
61%
5 Milan Badelj MF 335 14 (19) 2012-2021, 2023-2025
54%
187 Hrvoje Čale DF 1 0 (0) 2011-2012
53%
36 Nikola Vlašić MF, FW 128 14 (12) 2017-2018, 2021-2025
53%
102 Darijo Srna DF 26 0 (3) 2018-2019
51%
185 Domagoj Vida DF, MF 1 0 (0) 2010-2011
51%
25 Duje Ćaleta-Car DF 159 7 (2) 2018-2025
51%
170 Lovre Kalinić GK 4 0 (0) 2019-2020
51%
16 Nikola Kalinić FW 208 53 (12) 2009-2010, 2015-2022
51%
47 Borna Sosa DF, MF, FW 112 3 (25) 2018-2019, 2020-2025
50%
50 Lovro Majer MF, FW 103 15 (19) 2021-2025
50%
90 Davor Šuker FW 36 7 (2) 2000-2003
49%
37 Vedran Ćorluka DF 126 2 (8) 2007-2012
49%
72 Danijel Pranjić DF, MF 65 1 (7) 2009-2013
45%
44 Marko Pjaca MF, FW 116 9 (3) 2016-2018, 2020-2023
45%
27 Mladen Petrić FW 154 56 (10) 2007-2014
43%
23 Josip Brekalo MF, FW 171 25 (17) 2016-2024
41%
28 Niko Kranjčar MF 154 20 (15) 2006-2011, 2014-2015
41%
178 Stipe Pletikosa GK 2 0 (0) 2015-2016
39%
79 Josip Juranović DF, MF 50 2 (4) 2022-2025
38%
9 Josip Šimunić DF 263 4 (4) 2000-2011
38%
51 Marin Pongračić DF 102 2 (0) 2019-2025
38%
84 Bruno Petković MF, FW 42 0 (3) 2012-2013, 2016-2018
36%
83 Ivan Strinić DF 43 0 (4) 2014-2018
36%
43 Tin Jedvaj DF 117 5 (1) 2013-2021
36%
86 Eduardo da Silva FW 41 8 (7) 2007-2008, 2009-2010
35%
12 Ivan Klasnić FW 259 76 (34) 2001-2013
35%
46 Nikica Jelavić FW 114 30 (7) 2011-2016
35%
40 Mate Bilić FW 124 21 (5) 2001-2002, 2008-2012
34%
32 Dario Šimić DF 138 1 (0) 2000-2009
30%
29 Domagoj Bradarić DF 152 2 (9) 2019-2025
30%
87 Filip Bradarić MF 41 0 (2) 2018-2020
30%
48 Igor Tudor DF 109 15 (5) 2000-2006
28%
131 Lorenco Šimić DF 14 1 (0) 2017-2019
28%
193 Mislav Oršić MF 1 0 (0) 2022-2023
28%
53 Kristijan Jakić DF, MF 99 4 (2) 2021-2025
27%
45 Marko Rog MF, FW 114 3 (2) 2016-2022
27%
60 Marko Livaja MF, FW 83 10 (4) 2011-2013, 2015-2017
26%
88 Bosko Sutalo DF 38 0 (0) 2019-2022
24%
62 Dado Pršo FW 80 26 (8) 2000-2004
24%
85 Ivo Grbić GK 42 0 (0) 2021-2024
24%
77 Mario Stanić MF, FW 59 7 (4) 2000-2004
24%
116 Zvonimir Boban MF 20 1 (3) 2000-2002
24%
61 Alen Halilović MF, FW 80 5 (8) 2015-2018
23%
190 Jozo Stanić MF 1 0 (0) 2018-2019
23%
97 Luka Sučić MF 29 1 (1) 2024-2025
23%
128 Nediljko Labrović GK 15 0 (0) 2024-2025
23%
118 Igor Štimac DF 19 0 (0) 2000-2001
20%
69 Nikola Moro MF 71 2 (7) 2022-2025
20%
68 Igor Bišćan DF, MF 72 2 (0) 2000-2005
19%
38 Martin Erlic DF 125 6 (1) 2020-2025
19%
56 Tomislav Marić FW 92 32 (9) 2000-2005
19%
182 Borna Barišić DF 1 0 (0) 2024-2025
18%
92 Marijo Marić FW 32 8 (2) 2000-2001, 2004-2005
18%
164 Marko Marić MF 5 1 (0) 2007-2009
18%
100 Mirko Marić MF, FW 28 1 (0) 2023-2025
18%
31 Toma Bašić MF 144 8 (7) 2018-2024
18%
70 Alen Bokšić FW 68 22 (6) 2000-2003
16%
82 Dion Drena Beljo MF, FW 44 5 (2) 2022-2024
15%
115 Hrvoje Smolčić DF 20 1 (0) 2022-2024
15%
147 Ivan Smolčić DF 9 0 (0) 2024-2025
15%
33 Ivo Iličević MF 137 18 (9) 2006-2007, 2010-2015, 2018-2019
15%
21 Jurica Vranješ MF 174 5 (5) 2000-2009
15%
154 Nikola Soldo DF 7 0 (0) 2022-2023
15%
104 Robert Jarni DF, FW 26 2 (2) 2000-2001
15%
49 Srđan Lakić FW 107 22 (2) 2006-2007, 2010-2015
15%
18 Vedran Runje GK 187 0 (0) 2001-2003, 2007-2008, 2009-2011
15%
19 Zvonimir Soldo DF, MF 185 8 (6) 2000-2006
15%
161 Boško Balaban FW 5 0 (0) 2001-2002
14%
145 Gabriel Vidovic MF, FW 9 0 (1) 2021-2022, 2024-2025
14%
59 Jerko Leko MF 85 4 (2) 2006-2010
14%
20 Marko Babić DF, MF 177 13 (18) 2000-2010
14%
106 Bartol Franjić MF 25 0 (2) 2022-2024
12%
35 Boris Živković DF 132 4 (3) 2000-2006
12%
124 Igor Matanovic FW 16 1 (0) 2024-2025
12%
63 Ivan Leko MF 79 4 (3) 2001-2005
12%
132 Milan Rapaić MF, FW 14 4 (1) 2003-2004
12%
155 Vladimir Petrović FW 7 2 (0) 2000-2001
12%
175 Ante Ćorić MF 2 0 (0) 2018-2019
11%
22 Igor Budan FW 173 42 (10) 2001-2002, 2004-2013
11%
58 Ivan Jurić MF 86 0 (11) 2007-2010
11%
94 Sammir MF, FW 31 1 (4) 2013-2015
11%
105 Stanko Jurić MF 26 0 (0) 2024-2025
11%
54 Duje Čop FW 98 20 (6) 2014-2019
9%
133 Petar Musa FW 14 1 (3) 2020-2021
9%
52 Anthony Šerić DF 100 2 (3) 2000-2005
8%
137 Filip Krovinović MF 11 0 (0) 2020-2021
8%
163 Lovro Zvonarek MF, FW 5 1 (0) 2023-2024
8%
55 Mario Cvitanović DF 94 0 (2) 2000-2001, 2006-2009
8%
93 Nikola Pokrivač MF 32 2 (2) 2007-2009
8%
80 Stjepan Tomas DF 49 0 (0) 2000-2001, 2002-2003
8%
96 Andrija Balić MF, FW 29 1 (1) 2016-2019
7%
65 Dario Knežević DF 76 4 (0) 2006-2010
7%
120 Hrvoje Milić DF, FW 17 0 (4) 2016-2017
7%
107 Ivica Mornar MF, FW 25 1 (3) 2003-2006
7%
152 Ivor Pandur GK 7 0 (0) 2020-2022
7%
156 Krešo Ljubičić MF 6 0 (0) 2007-2009
7%
142 Leon Benko FW 10 0 (0) 2006-2008
7%
135 Marin Ljubicic MF, FW 13 1 (1) 2024-2025
7%
74 Nenad Bjelica MF 64 5 (8) 2000-2004
7%
150 Adrian Šemper GK 7 0 (0) 2018-2019, 2021-2022
5%
117 Ante Vukušić DF, FW 19 1 (0) 2012-2013
5%
66 Davor Vugrinec MF, FW 76 19 (12) 2000-2003
5%
57 Ivan Santini FW 90 27 (6) 2011-2012, 2016-2018
5%
30 Ivica Banović MF 149 16 (16) 2000-2006, 2009-2011
5%
109 Jakov Medić DF 23 1 (0) 2024-2025
5%
121 Josip Radošević MF 17 0 (0) 2013-2016
5%
166 Robert Murić MF, FW 5 1 (0) 2016-2017
5%
113 Zoran Mamić DF, MF 21 0 (0) 2000-2001
5%
144 Alen Peternac FW 9 0 (0) 2000-2001
4%
151 David Čolina DF, FW 7 1 (0) 2022-2023
4%
134 Dinko Horkaš GK 13 0 (0) 2024-2025
4%
123 Dino Drpić DF 16 0 (0) 2008-2009
4%
189 Ivan Vargić GK 1 0 (0) 2016-2017
4%
95 Josip Posavec GK 30 0 (0) 2015-2017
4%
138 Karlo Letica GK 11 0 (0) 2019-2021
4%
157 Luka Bogdan DF 6 0 (0) 2021-2022
4%
126 Marin Šverko DF, MF 16 1 (0) 2024-2025
4%
101 Matej Maglica DF 27 1 (0) 2021-2022, 2023-2024
4%
41 Saša Bjelanović FW 124 22 (5) 2002-2003, 2004-2008
4%
67 Stipe Perica FW 76 10 (1) 2014-2019
4%
73 Andre Mijatović DF 64 5 (0) 2007-2008, 2011-2012
3%
159 Ante Čović MF 5 0 (0) 2000-2001
3%
167 Ante Palaversa MF 4 1 (0) 2020-2021, 2022-2023
3%
98 Antonio Čolak FW 28 4 (1) 2013-2014, 2016-2017
3%
183 Danijel Popović FW 1 0 (0) 2001-2002
3%
111 Igor Bubnjić DF 22 0 (0) 2013-2016
3%
141 Ivan Kelava GK 10 0 (0) 2013-2014
3%
188 Ivan Nekić DF 1 0 (0) 2024-2025
3%
162 Ivan Prtajin FW 5 0 (0) 2024-2025
3%
127 Josip Tadić FW 15 0 (1) 2005-2006, 2009-2010
3%
42 Marino Biliškov DF 118 6 (2) 2000-2006
3%
165 Petar Brlek MF 5 0 (0) 2017-2018
3%
129 Petar Slišković FW 15 2 (0) 2010-2015
3%
122 Tihomir Bulat GK 17 0 (0) 2001-2002
3%
136 Tomislav Dujmović MF 12 1 (0) 2011-2012
3%
181 Antonio Tikvić DF 1 0 (0) 2023-2024
1%
110 Filip Uremović DF 22 0 (0) 2022-2023
1%
130 Jurica Puljiz DF 14 1 (0) 2003-2004
1%
191 Karlo Lulić MF 1 0 (0) 2023-2024
1%
172 Manuel Pamić DF, MF 3 0 (0) 2013-2014
1%
140 Marin Jakoliš FW 11 0 (0) 2021-2023
1%
158 Mario Carević MF 6 0 (0) 2005-2006
1%
108 Marko Pajač DF, FW 25 2 (2) 2016-2017, 2018-2020
1%
103 Mihael Mikić DF, MF 26 0 (1) 2004-2006
1%
153 Miro Varvodić GK 7 0 (0) 2010-2012
1%
71 Slađan Ašanin DF 66 3 (1) 2001-2004
1%
148 Tomislav Rukavina DF, MF 9 0 (0) 2001-2002
1%
180 Zvonko Pamić MF 2 0 (0) 2010-2011
1%
160 Antonio Mance FW 5 0 (0) 2018-2019
0%
81 Antun Labak FW 45 8 (4) 2000-2002
0%
149 Bojan Vručina FW 8 0 (0) 2007-2008
0%
114 Damir Milinović DF 20 0 (0) 2000-2001
0%
78 Damjan Đoković MF 50 2 (4) 2011-2012, 2015-2016
0%
91 Danijel Štefulj DF, MF 34 1 (4) 2002-2005
0%
184 Dario Krešić GK 1 0 (0) 2015-2016
0%
177 Filip Benković DF, FW 2 0 (0) 2021-2022
0%
64 Filip Tapalović MF 78 2 (0) 2000-2005
0%
186 Franjo Prce DF 1 0 (0) 2016-2017
0%
146 Goran Rubil DF, MF 9 0 (0) 2000-2002, 2004-2005
0%
171 Goran Tomić FW 3 0 (0) 2000-2001
0%
125 Ivan Martić DF, MF 16 0 (1) 2014-2015
0%
168 Ivan Paurević MF 4 0 (0) 2012-2013
0%
112 Josip Elez DF 21 0 (0) 2017-2019
0%
99 Jurica Vučko FW 28 2 (1) 2000-2002
0%
139 Kristijan Bistrović MF 11 0 (0) 2022-2023
0%
169 Kristijan Ipša DF 4 0 (1) 2007-2008
0%
119 Marco Komenda DF 19 0 (0) 2024-2025
0%
194 Noah Pesch FW 1 0 (0) 2024-2025
0%
195 Ricardo Bagadur DF 1 0 (0) 2014-2015
0%
143 Samir Toplak DF 10 0 (0) 2000-2001
0%
76 Stiven Rivić MF 62 5 (4) 2006-2008, 2010-2011
0%
179 Tomislav Gomelt MF 2 0 (0) 2020-2021
0%
173 Vladimir Maljković DF 3 0 (0) 2000-2001
0%
174 Vlatko Đolonga DF 3 0 (0) 2000-2001
0%
89 Xabier Castillo DF 37 0 (0) 2009-2010, 2012-2013
0%
No matching quizzes found
Score Distribution
Percent of People with Each Score
Percentile by Number Answered
Your Score History
You have not taken this quiz